FC Barcelone 2025/2026 - Statistiques

Statistiques générales
  • Ce quiz a été pris 207 fois
  • Le résultat moyen est 19 sur 28
Statistiques - réponses
Hint Réponse % Correct
FW Yamal
96%
MF Pedri
92%
DF Koundé
88%
GK Joan Garcia
87%
FW Raphinha
87%
DF Balde
86%
FW Lewandowski
86%
DF Araujo
82%
DF Cubarsi
82%
MF De Jong
82%
DF Eric Garcia
81%
FW Ferran Torres
80%
MF Olmo
80%
MF Gavi
79%
MF Fermin
78%
FW Rashford
77%
MF Bernal
75%
GK Ter Stegen
71%
DF Martin
70%
DF Cancelo
69%
MF Casado
66%
GK Szczesny
49%
FW Bardghji
39%
DF Christensen
36%
MF Dro Fernandez
12%
DF Torrents
10%
MF Marqués
8%
FW Toni Fernandez
6%
Aucun quiz correspondant
Distribution des résultats
% des personnes avec chaque résultat
Percentile par nombre de réponses
Votre historique - résultats
Vous n’avez pas pris ce quiz